ՀՀ Գիտությունների ազգային ակադեմիայի հիմնարար գիտական գրադարան  =   Fundamental Scientific Library of NAS RA

Բանակցությունները բազմակողմ հարթակներում / (Record no. 454655)

MARC details
000 -LEADER
fixed length control field 00774nam a22002057a 4500
003 - CONTROL NUMBER IDENTIFIER
control field AM-YEHGA
040 ## - CATALOGING SOURCE
Original cataloging agency AM-YeHGA
090 ## - LOCALLY ASSIGNED LC-TYPE CALL NUMBER (OCLC); LOCAL CALL NUMBER (RLIN)
-- 457649
005 - DATE AND TIME OF LATEST TRANSACTION
control field 20250618075333.0
008 - FIXED-LENGTH DATA ELEMENTS--GENERAL INFORMATION
fixed length control field 201204b2020 ai ||||| |||| 00| 0 arm d
041 0# - LANGUAGE CODE
Language code of text/sound track or separate title arm
100 1# - MAIN ENTRY--PERSONAL NAME
Personal name Խաչատրյան, Արամ
9 (RLIN) 1671
245 10 - TITLE STATEMENT
Title Բանակցությունները բազմակողմ հարթակներում /
Statement of responsibility, etc. Արամ Խաչատրյան; Խմբ.՝ Վահան Գաբրիելյան
260 ## - PUBLICATION, DISTRIBUTION, ETC.
Place of publication, distribution, etc. Երևան :
Name of publisher, distributor, etc. Հայաստանի դիվանագիտ.դպրոց,
Date of publication, distribution, etc. 2020
300 ## - PHYSICAL DESCRIPTION
Extent 176 էջ
504 ## - BIBLIOGRAPHY, ETC. NOTE
Bibliography, etc. note Մատենագիտ. էջ՝ 157-170
650 14 - SUBJECT ADDED ENTRY--TOPICAL TERM
Topical term or geographic name entry element Միջազգային հարաբերություններ
9 (RLIN) 4824
700 1# - ADDED ENTRY--PERSONAL NAME
Personal name Գաբրիելյան, Վահան
Relator term խմբ
Relationship edt
942 ## - ADDED ENTRY ELEMENTS (KOHA)
Source of classification or shelving scheme Universal Decimal Classification
Koha item type Գրքեր / Books
Holdings
Withdrawn status Lost status Source of classification or shelving scheme Damaged status Not for loan Collection Home library Current library Date acquired Total checkouts Full call number Barcode Date last seen Price effective from Koha item type Public note
    Universal Decimal Classification     General Fundamental Scientific Library Fundamental Scientific Library 04/12/2020   AII/106464 FL0635235 04/12/2020 04/12/2020 Գրքեր / Books 30 Days Loan
    Universal Decimal Classification     General Fundamental Scientific Library Fundamental Scientific Library 04/12/2020   AII/106465 FL0635236 04/12/2020 04/12/2020 Գրքեր / Books 30 Days Loan


ՀՀ ԳԱԱ հիմնարար գիտական գրադարան
ՀՀ,Երևան 0019
Մարշալ Բաղրամյան 24/6
հեռախոս:(374-10) 52-47-50
Հետադարձ կապ

All site content, except where otherwise noted, is licensed under a
Creative Commons License